Love and longing in Bombay/ (Record no. 69021)

MARC details
000 -LEADER
fixed length control field 00640nam a22001937a 4500
005 - DATE AND TIME OF LATEST TRANSACTION
control field 20181204160158.0
010 ## - LCCN (DPL NO)
LC control number B-456992
020 ## - INTERNATIONAL STANDARD BOOK NUMBER
International Standard Book Number 9780143414179, 9780140265729
Terms of availability 299.00
035 ## - SYSTEM CONTROL NUMBER
System control number B-456992, B-214489, B-214493
037 ## - SOURCE OF ACQUISITION
Stock number dpl
Source of stock number/acquisition K.K.Pub/Ven
082 ## - DEWEY DECIMAL CLASSIFICATION NUMBER
Classification number S
100 ## - MAIN ENTRY--PERSONAL NAME
Personal name Chandra, Vikram
245 ## - TITLE STATEMENT
Title Love and longing in Bombay/
Statement of responsibility, etc by Vikram Chandra
260 ## - PUBLICATION, DISTRIBUTION, ETC. (IMPRINT)
Place of publication, distribution, etc New Delhi
Name of publisher, distributor, etc penguin
Date of publication, distribution, etc 2010
270 ## - ADDRESS
Address 11 community centre panchsheel park
City New Delhi
Postal code 110017
300 ## - PHYSICAL DESCRIPTION
Extent 268 p.
Dimensions 18cm (pbk)
942 ## - ADDED ENTRY ELEMENTS (KOHA)
Source of classification or shelving scheme Dewey Decimal Classification
Item type English Books
Call number suffix CHA
Classification part S
Holdings
Withdrawn status Lost status Not for loan Collection code Home library Current library Date acquired Source of acquisition Cost, normal purchase price Full call number Barcode Copy number Cost, replacement price Koha item type
      Fiction Central Library Central Library 21/08/2012 K.K.Pub/1633/20.01.2012/19/16.01.2012/03.02.2012 299.00 S CHA B-456992 1 299.00 English Books
        Patel Nagar Patel Nagar 03/07/2018 BPPD/Pub 299.00 S CHA B-214489     English Books
      Fiction Patel Nagar Patel Nagar 04/12/2018 BPPD/PUB 250.00 S CHA B-214493   250.00 English Books
      Fiction Sarojini Nagar Sarojini Nagar 05/01/2019     S CHA B-214508     English Books

© Delhi Public Library
Hit Counter
free hit counter